000 00253nam a2200109Ia 4500
005 20251222144816.0
008 251222s9999||||xx |||||||||||||| ||spa||
082 _a362.5/O65
245 0 _aProtección Social e Inclusión:
264 _bOIT
942 _cLIB
999 _c20287
_d20287